000 00851cad a22002415a 4500
001 L158438
008 121219e2015 xxk 000 0 eng d
035 _a(Sirsi) u158438
041 0 _aeng
100 1 _aAronsohn
_HAlexander
245 0 0 _aFair and square
_h[electronic resource]
260 _c2015
490 _aRICS Property Journal
_vMarch 2015-April 2015, 10-11(2)
520 _aLays out the different meanings of fair value and the importance of distinguishing between them.
650 2 4 _aFAIR VALUE
650 2 4 _aMARKET VALUE
650 2 4 _aRICS VALUATION STANDARDS
651 4 _aUnited Kingdom
_y
690 _aValuation
_96273
710 _aRoyal Institution of Chartered Surveyors
_94900
856 4 0 _uhttps://www.rics.org/uk/news/journals/property-journal
_zView the journal free of charge at www.rics.org/journals...
942 _n0
999 _c84596
_d84596